Southville International School and Colleges
Your cart is empty.
  • Cart
  • Lists
    Public lists Eva Luna New books Lux_list list_1
    Your lists Log in to create your own lists
  • Log in to your account
  • Your cookies
  • Search history
Southville International School and Colleges
  • Advanced search
  • Recent comments
  • Most popular
  • Libraries

Log in to your account

Log in with GOOGLE


If you do not have an external account, but do have a local account, you can still log in:

  1. Home
  2. MARC view: 34 Best Tahitian Hawaiian Polynesian :
Normal view MARC view ISBD view

34 Best Tahitian Hawaiian Polynesian : (Record no. 109404)

[ view plain ]
MARC details
000 -LEADER
fixed length control field 00521nam a2200181 a 4500
005 - DATE AND TIME OF LATEST TRANSACTION
control field 20140414093843.0
008 - FIXED-LENGTH DATA ELEMENTS--GENERAL INFORMATION
fixed length control field 090205s19uu xx uuu eng d
050 ## - LIBRARY OF CONGRESS CALL NUMBER
Classification number CD 781.554
Item number TAH 1990
050 ## - LIBRARY OF CONGRESS CALL NUMBER
Classification number CD 781.554
Item number TAH 1990R
245 ## - TITLE STATEMENT
Title 34 Best Tahitian Hawaiian Polynesian :
Remainder of title sounds music and songs for Tahitian & Hula Dancing.
260 ## - PUBLICATION, DISTRIBUTION, ETC. (IMPRINT)
Place of publication, distribution, etc Manila :
Name of publisher, distributor, etc Aquarius Records.
650 ## - SUBJECT ADDED ENTRY--TOPICAL TERM
Topical term or geographic name as entry element Dance music.
650 ## - SUBJECT ADDED ENTRY--TOPICAL TERM
Topical term or geographic name as entry element Hula dance.
650 ## - SUBJECT ADDED ENTRY--TOPICAL TERM
Topical term or geographic name as entry element Tahitian dance.
942 ## - ADDED ENTRY ELEMENTS (KOHA)
Koha item type Audio Visual Materials
Holdings
Withdrawn status Lost status Damaged status Home library Current library Shelving location Date acquired Source of acquisition Total Checkouts Full call number Barcode Date last seen Price effective from Koha item type
      Luxembourg Library Luxembourg Library Audio Visual Material Section 02/05/2009     CD 781.554 TAH 1990 AV1044 04/14/2014 04/14/2014 Audio Visual Materials
      Luxembourg Library Luxembourg Library Audio Visual Material Section 06/16/2010     CD 781.554 TAH 1990R AV1328 04/14/2014 04/14/2014 Audio Visual Materials

34 Best Tahitian Hawaiian Polynesian :

APA

34 Best Tahitian Hawaiian Polynesian. Manila: Aquarius Records.

Chicago

34 Best Tahitian Hawaiian Polynesian. Manila: Aquarius Records.

Harvard

34 Best Tahitian Hawaiian Polynesian. Manila: Aquarius Records.

MLA

Manila: Aquarius Records. .

  • Place hold
  • Print
  • Cite
  • Add to your cart (remove)
  • Save record
    BIBTEX Dublin Core MARCXML MARC (non-Unicode/MARC-8) MARC (Unicode/UTF-8) MARC (Unicode/UTF-8, Standard) MODS (XML) RIS
  • More searches
    Search for this title in:
    Other Libraries (WorldCat) Other Databases (Google Scholar) Online Stores (Bookfinder.com) Open Library (openlibrary.org)

Exporting to Dublin Core...

SOUTHVILLE LIBRARY

Southville International School and Colleges Library

1281 Tropical Ave. Cor. Luxembourg St., BF Homes International, Las Pinas City

Tel. No. 8256374 / 252358 Loc. 117/146

Powered by Koha